Mecanizado con herramientas de diamantes

Bibliographic Details
Main Author: Ortuño, Modesto
Format: Section = Libro
Language:Undetermined
Spanish
Published: Barcelona CEAC 1969
Subjects:
LEADER 00472nam a2200181Ia 4500
008 240829s9999 xx 000 0 und d
040 |a BIBLIOTECA-RUPAP 621.9 O77 
041 |a spa 
082 |a 621.9 O77 
100 1 |a Ortuño, Modesto 
245 1 0 |a Mecanizado con herramientas de diamantes 
260 |a Barcelona  |b CEAC  |c 1969 
300 |a 392 p. :il. 
650 7 |a DIAMANTES INDUSTRIALES 
650 7 |b  HERRAMIENTAS. I. Tít. 
942 |c BK  |2 ddc 
991 |a TEXTO 
999 |c 9357